[Ján Ambro s rodinou]

Zobrazenie: Ján Ambro s manželkou Ruženou Ambrovou, rod. Polgárovou a deťmi.

Bibliographic Details
Format: Photo
Language:Slovak
PhysicalDescription:1 fotografia v hnedom tóne 11 x 7 cm
Published: [S.l. s.n. s.a.]
Subjects:

MARC

LEADER 00000nkmaa2200000 a 4500
001 vtls010694613
003 SK-MaSNL
005 20260301091217.0
007 kh ao
008 230802n xx | |||| k|slo
035 |a urn:nbn:sk:snk-km00bx25 
035 |a urn:nbn:sk:snk-km3lokv 
035 |a 0E18C71E-96F0-435B-8332-E7FDC292B5FA 
040 |a SNKLA  |b slo  |c SNKLA  |e AACR2 
041 0 |a slo 
245 0 0 |a [Ján Ambro s rodinou]  |h grafika 
260 |a [S.l.  |b s.n.  |c s.a.] 
300 |a 1 fotografia  |b v hnedom tóne  |c 11 x 7 cm 
520 2 |a Zobrazenie: Ján Ambro s manželkou Ruženou Ambrovou, rod. Polgárovou a deťmi. 
600 1 7 |a Ambro, Ján,  |d 1827-1890  |2 SNKMA  |9 48505 
600 1 7 |a Ambrová, Ružena  |2 SNKLA  |9 420116 
655 7 |a portrétne fotografie  |2 SNKLA  |9 305796 
852 7 |a Slovenská národná knižnica  |b Literárny archív 
958 |a ZO 
958 |a BLA 
999 |c 670596  |d 672526 
952 |a SNKLA  |b SNKLA  |c SNKLA_DEP  |y NEVYP  |7 0  |p 17A1007357  |o snkSA 10/3  |i snkLA 3986/1967  |0 0  |1 0  |4 0  |d 2015-07-23  |f 1  |l 0  |r 2026-02-23 19:24:52  |w 2026-02-23